[Event "29th Czech Open B 2018"]
[Site "Pardubice CZE"]
[Date "2018.07.23"]
[Round "4.27"]
[White "Krumina, Linda"]
[Black "Blazek, Milos"]
[Result "1-0"]
[WhiteTitle "WFM"]
[WhiteElo "2086"]
[BlackElo "1966"]
[WhiteFideId "11601701"]
[BlackFideId "14902397"]
[EventDate "2018.07.20"]

1. d4 Nf6 2. c4 e6 3. Nf3 d5 4. Nc3 Be7 5. Bf4 O-O 6. e3 a6 7. Rc1 dxc4 8. Bxc4
b5 9. Bd3 Bb7 10. O-O Nbd7 11. Qe2 c5 12. Ne5 Rc8 13. Rfd1 cxd4 14. exd4 b4 15.
Ne4 Nxe4 16. Bxe4 Bxe4 17. Qxe4 Nf6 18. Qb7 Nd5 19. Bg3 Bg5 20. Rc5 Rxc5 21.
dxc5 Qc8 22. c6 f5 23. Nd7 Re8 24. Be5 Bf4 25. Bxf4 Nxf4 26. Nb6 Qxb7 27. cxb7
Rb8 28. Rd7 h6 29. Rc7 1-0

[Event "29th Czech Open B 2018"]
[Site "Pardubice CZE"]
[Date "2018.07.23"]
[Round "4.28"]
[White "Ilandzis, Spyridon"]
[Black "Blodig, Reinhard"]
[Result "1-0"]
[WhiteElo "1980"]
[BlackElo "2078"]
[WhiteFideId "4200276"]
[BlackFideId "4607597"]
[EventDate "2018.07.20"]

1. e4 d6 2. d4 g6 3. Nc3 Bg7 4. f4 Nf6 5. Nf3 c5 6. dxc5 Qa5 7. Qd4 O-O 8. cxd6
Nxe4 9. Qxe4 Bxc3+ 10. bxc3 Qxc3+ 11. Kf2 Qxa1 12. dxe7 Re8 13. Bc4 Nc6 14.
Bxf7+ Kxf7 15. Qc4+ Kg7 16. Bd2 Be6 17. Bc3+ Kh6 18. Qc5 Qxc3 19. Qxc3 Rac8 20.
Re1 Nxe7 21. Qf6 Nd5 22. Qg5+ Kg7 23. Rxe6 Rxc2+ 24. Kg3 Rxe6 25. Qxd5 Ree2 26.
Qxb7+ Kf6 27. Qa6+ 1-0

[Event "29th Czech Open B 2018"]
[Site "Pardubice CZE"]
[Date "2018.07.23"]
[Round "4.29"]
[White "Brenninger, Daniel"]
[Black "Drozdowski, Konrad"]
[Result "1-0"]
[WhiteElo "1975"]
[BlackElo "2076"]
[WhiteFideId "864129"]
[BlackFideId "1106279"]
[EventDate "2018.07.20"]

1. d4 d5 2. c4 e6 3. Nc3 c6 4. Nf3 dxc4 5. e3 b5 6. a4 Bb4 7. Bd2 Nf6 8. axb5
Bxc3 9. Bxc3 cxb5 10. b3 a5 11. bxc4 Ne4 12. Bb2 b4 13. Bd3 Bb7 14. O-O O-O 15.
Qc2 f5 16. Ra2 Nd7 17. Rfa1 Ndf6 18. Ne5 Ng5 19. c5 Qd5 20. c6 b3 21. Bc4 bxc2
22. Bxd5 exd5 23. cxb7 Rab8 24. Rc1 Rxb7 25. Rxc2 Rb5 26. h4 Nf7 27. Nc6 Nd6 28.
Rxa5 Rxa5 29. Nxa5 Rc8 30. Rxc8+ Nxc8 31. Ba3 Kf7 32. Nc6 Nb6 33. Ne5+ Ke6 34.
Bf8 Ne8 35. Nd3 Kf7 36. Bc5 Nd7 37. Bb4 h6 38. Nf4 Ndf6 39. Nd3 Nd7 40. f3 g5
41. Kf2 Ng7 42. Bd6 Ne8 43. Be5 Ke6 44. hxg5 hxg5 45. f4 Nxe5 46. fxe5 Ng7 47.
Nc5+ Ke7 48. Kf3 Kf7 49. g3 Ke7 50. g4 Kf7 51. Na6 f4 52. Nc7 1-0

[Event "29th Czech Open B 2018"]
[Site "Pardubice CZE"]
[Date "2018.07.23"]
[Round "4.30"]
[White "Loecken, Siegfried"]
[Black "Pollock, Andy"]
[Result "1/2-1/2"]
[WhiteElo "2076"]
[BlackElo "1955"]
[WhiteFideId "24648159"]
[BlackFideId "460672"]
[EventDate "2018.07.20"]

1. e4 c6 2. d4 d5 3. exd5 cxd5 4. Bd3 Nc6 5. c3 Nf6 6. Bf4 Bg4 7. Qb3 e5 8. dxe5
Nh5 9. Be3 Nxe5 10. Bb5+ Nc6 11. Nd2 Nf6 12. Ngf3 Bd6 13. h3 Bd7 14. O-O a6 15.
Rfe1 O-O 16. Bf1 Na5 17. Qc2 Qc8 18. Bg5 Nh5 19. Nb3 Nxb3 20. Qxb3 Be6 21. Nd4
Re8 22. Qd1 Nf4 23. Qf3 Ng6 24. Bd3 Ne5 25. Qd1 h6 26. Bh4 Nxd3 27. Qxd3 Qd7 28.
Bg3 Bc5 29. Re5 Bxd4 30. Qxd4 Rac8 31. Rae1 f6 32. R5e3 Bf7 1/2-1/2

[Event "29th Czech Open B 2018"]
[Site "Pardubice CZE"]
[Date "2018.07.24"]
[Round "5.1"]
[White "Taranenko, Evgueniy"]
[Black "Gabr, Mohsen"]
[Result "0-1"]
[BlackTitle "FM"]
[WhiteElo "2204"]
[BlackElo "2287"]
[WhiteFideId "14122138"]
[BlackFideId "10619593"]
[EventDate "2018.07.20"]

1. e4 c5 2. Nf3 Nc6 3. Bb5 g6 4. Bxc6 dxc6 5. d3 Bg7 6. h3 Nf6 7. Nc3 Nd7 8. Be3
e5 9. Qd2 Qe7 10. O-O Nf8 11. Bh6 Bxh6 12. Qxh6 f6 13. Nd2 Ne6 14. Ne2 g5 15.
Qh5+ Kd8 16. c3 Kc7 17. Nb3 Bd7 18. Rfe1 Rag8 19. d4 g4 20. h4 b6 21. dxe5 Ng7
22. exf6 Qxf6 23. Qg5 Qxg5 24. hxg5 Ne6 25. a4 Rxg5 26. a5 b5 27. g3 h5 28. Kg2
Rf8 29. Nd2 Rg7 30. Rh1 Be8 31. Raf1 Rd7 32. Nb3 Bg6 33. Kg1 Rh7 34. e5 Be4 35.
Rh2 Bc2 36. Nec1 Be4 37. Nd2 Bd5 38. Nd3 Rf5 39. Re1 Rd7 40. Re3 Ba2 41. Ne4 Bc4
42. Nd6 Bxd3 43. Nxf5 Bxf5 44. Rxh5 Rd1+ 45. Kg2 Bd3 46. f4 gxf3+ 47. Kxf3 c4
48. Rh8 Ra1 49. g4 Rxa5 50. Kg3 Ra1 51. Rh6 Kd7 52. Rf3 Ng5 53. Re3 Rg1+ 54. Kh4
Ne6 55. Rf6 Ke7 56. Ref3 Rh1+ 57. Kg3 Ng5 58. Re3 Ne4+ 59. Kg2 Rb1 60. Rxc6
Rxb2+ 61. Kg1 a5 62. g5 Nxg5 63. Rg3 Rb1+ 64. Kh2 Be4 65. Rc7+ Kd8 66. Rxg5 Kxc7
67. e6 Rh1+ 0-1

[Event "29th Czech Open B 2018"]
[Site "Pardubice CZE"]
[Date "2018.07.24"]
[Round "5.2"]
[White "Doberitz, Paul"]
[Black "Mirzoeva, Elmira"]
[Result "0-1"]
[BlackTitle "WGM"]
[WhiteElo "2178"]
[BlackElo "2249"]
[WhiteFideId "24646130"]
[BlackFideId "4127951"]
[EventDate "2018.07.20"]

1. e4 c5 2. Nf3 Nc6 3. d4 cxd4 4. Nxd4 e5 5. Nb5 a6 6. Nd6+ Bxd6 7. Qxd6 Qe7 8.
Qc7 d5 9. Qxe7+ Ngxe7 10. exd5 Nxd5 11. c3 Be6 12. Nd2 O-O-O 13. Bc4 Rhe8 14.
Bxd5 Bxd5 15. O-O e4 16. Nb3 Bxb3 17. axb3 Ne5 18. Be3 Nd3 19. Ra2 f5 20. g3 Ne5
21. Ra5 g6 22. Kg2 Nf3 23. b4 Re5 24. Rxe5 Nxe5 25. Ra1 Rd3 26. b5 axb5 27. Ra8+
Kd7 28. Rh8 h5 29. Bf4 Nf3 30. Rh7+ Ke6 31. h4 Rd7 32. Rh6 Kf6 33. Rh8 Ne1+ 34.
Kf1 Nd3 35. Bg5+ Kg7 36. Rc8 Nxb2 37. Rc5 Na4 38. Rc8 Kf7 39. Be3 Nb2 40. Rc5
Na4 41. Rc8 Ke6 42. Rg8 Nxc3 43. Rxg6+ Kd5 44. Rg5 b4 45. Rxf5+ Kc4 46. Kg2 b3
47. Bc1 b5 48. Rxh5 Ne2 0-1

[Event "29th Czech Open B 2018"]
[Site "Pardubice CZE"]
[Date "2018.07.24"]
[Round "5.3"]
[White "Aliferenko, Aleksei"]
[Black "Galicek, Stanislav"]
[Result "1-0"]
[WhiteElo "2211"]
[BlackElo "2089"]
[WhiteFideId "14111977"]
[BlackFideId "316342"]
[EventDate "2018.07.20"]

1. d4 Nf6 2. Nf3 g6 3. Bf4 Bg7 4. e3 O-O 5. Be2 d5 6. h3 c5 7. c3 b6 8. O-O Bb7
9. Nbd2 Nc6 10. Qa4 Nd7 11. b4 e5 12. dxe5 Ncxe5 13. Nxe5 Bxe5 14. Bxe5 Nxe5 15.
bxc5 bxc5 16. Rab1 Qc7 17. Nb3 Nd7 18. Qa5 Qd6 19. Rfd1 Rfc8 20. Bg4 f5 21. Bf3
Nb6 22. Nd2 Qe7 23. Qa3 Rc7 24. Rb5 Kg7 25. Rdb1 Bc6 26. Ra5 c4 27. Qc1 Qf6 28.
Bd1 Nd7 29. Nf3 Ne5 30. Nd4 Qd6 31. Be2 Be8 32. Qd1 Rd8 33. f4 Nc6 34. Nxc6 Bxc6
35. Qd4+ Kh6 36. g4 fxg4 37. hxg4 g5 38. Kf2 gxf4 39. Rh1+ Kg6 40. exf4 h6 41.
f5+ Kf7 42. g5 Re8 43. Rxh6 1-0

[Event "29th Czech Open B 2018"]
[Site "Pardubice CZE"]
[Date "2018.07.24"]
[Round "5.4"]
[White "Vinokur, Leonid"]
[Black "Lucovnik, Tilen"]
[Result "1/2-1/2"]
[WhiteElo "1684"]
[BlackElo "2077"]
[WhiteFideId "34171557"]
[BlackFideId "14608960"]
[EventDate "2018.07.20"]

1. d4 d5 2. Nf3 Nf6 3. g3 Bf5 4. Bg2 c6 5. O-O Nbd7 6. b3 e6 7. Nh4 Bg6 8. c4
Be7 9. Nxg6 hxg6 10. Bb2 O-O 11. Nd2 Rc8 12. e4 Nxe4 13. Nxe4 dxe4 14. Bxe4 Nf6
15. Bg2 Qa5 16. Re1 Ba3 17. Bxa3 Qxa3 18. Qc2 Rfd8 19. Rad1 Rc7 20. Re2 Rcd7 21.
Red2 Qa5 22. Rd3 Qf5 23. Qd2 c5 24. d5 b6 25. h3 exd5 26. cxd5 Rd6 1/2-1/2

[Event "29th Czech Open B 2018"]
[Site "Pardubice CZE"]
[Date "2018.07.24"]
[Round "5.5"]
[White "Bonaposta, Fabrizio"]
[Black "Yakimenko, Alexander A."]
[Result "0-1"]
[WhiteElo "2055"]
[BlackElo "2035"]
[WhiteFideId "839973"]
[BlackFideId "24141917"]
[EventDate "2018.07.20"]

1. e4 e5 2. Nf3 Nc6 3. Bc4 Bc5 4. d3 d6 5. c3 Be6 6. Nbd2 Bxc4 7. Nxc4 a6 8. O-O
b5 9. Ne3 Bxe3 10. Bxe3 Nf6 11. h3 O-O 12. Qc2 Re8 13. Rad1 Qd7 14. Nh4 Qe6 15.
a3 d5 16. g4 g6 17. Ng2 h5 18. f3 Kg7 19. Bg5 Nh7 20. Bc1 Ne7 21. Qd2 c6 22. Kh2
Kh8 23. Qe2 Rad8 24. Rde1 dxe4 25. fxe4 hxg4 26. hxg4 Nf6 27. Ne3 Kg7 28. Kg3
Rh8 29. Rh1 Qd7 30. Rxh8 Rxh8 31. Rd1 Nc8 32. Qf3 Qe6 33. Rh1 Rxh1 34. Qxh1 Ng8
35. Kf3 Nd6 36. Ke2 f6 37. Qg2 a5 38. Nf5+ Kf7 39. Nxd6+ Qxd6 40. Qf2 Qd7 41.
Qh4 Kg7 42. Be3 Qe6 43. Kf3 Qb3 44. Qh2 Qd1+ 45. Qe2 Qh1+ 46. Qg2 Qb1 47. Qe2
Kf7 48. Qd2 a4 49. d4 f5 50. exf5 gxf5 51. dxe5 Qe4+ 52. Kf2 fxg4 53. Qd7+ Ne7
54. Bg5 Qf5+ 55. Qxf5+ Nxf5 56. Bf4 Ke6 57. Ke2 Kd5 58. Kd3 Ng7 59. Bh2 Nf5 60.
c4+ bxc4+ 61. Kc3 c5 62. Bg1 Nd4 63. Bf2 g3 64. Be3 Nb5+ 65. Kc2 Kxe5 66. Bg1
Nd4+ 67. Kd1 Ke4 0-1

[Event "29th Czech Open B 2018"]
[Site "Pardubice CZE"]
[Date "2018.07.24"]
[Round "5.6"]
[White "Filipenko, Alexander V"]
[Black "Ashrafzianov, Igor"]
[Result "1/2-1/2"]
[WhiteTitle "IM"]
[WhiteElo "2266"]
[BlackElo "2004"]
[WhiteFideId "4104471"]
[BlackFideId "24122572"]
[EventDate "2018.07.20"]

1. e4 d5 2. exd5 Nf6 3. Nf3 Nxd5 4. d4 g6 5. c4 Nb6 6. Nc3 Bg7 7. c5 Nd5 8. Bc4
c6 9. O-O Be6 10. Ng5 Nxc3 11. Nxe6 Nxd1 12. Nxd8 Nxb2 13. Bxb2 Kxd8 14. Bxf7
Na6 15. Rad1 Rf8 16. Bc4 Nc7 17. Rfe1 Kd7 18. g3 Nd5 19. a4 b6 20. Ba3 Rf3 21.
Bxd5 Rxa3 22. Bg2 e6 23. Bh3 Re8 24. cxb6 axb6 25. d5 cxd5 26. Rxd5+ Kc6 27.
Rdd1 Kc5 28. Re4 Ra1 29. Rxa1 Bxa1 30. Rxe6 Rxe6 31. Bxe6 Kd4 32. f4 Kc5 33. g4
Kd6 34. Bg8 h6 35. h4 Ke7 36. Kf2 Kf6 37. Kf3 Bd4 38. Bc4 Bc5 39. Bd3 g5 40.
fxg5+ hxg5 41. h5 Kg7 42. Ke4 Kh6 43. Kf5 1/2-1/2

[Event "29th Czech Open B 2018"]
[Site "Pardubice CZE"]
[Date "2018.07.24"]
[Round "5.7"]
[White "Kubat, Pavel"]
[Black "Pekar, Vaclav"]
[Result "0-1"]
[WhiteElo "2010"]
[BlackElo "2162"]
[WhiteFideId "325678"]
[BlackFideId "323799"]
[EventDate "2018.07.20"]

1. b3 e5 2. Bb2 Nc6 3. e3 Nf6 4. Bb5 Bd6 5. Ne2 O-O 6. O-O a6 7. Bxc6 dxc6 8.
Ng3 c5 9. Nc3 Re8 10. a4 b6 11. a5 Bb7 12. d3 Qd7 13. e4 g6 14. Qd2 Qg4 15. f3
Qh4 16. Bc1 b5 17. Qg5 Qxg5 18. Bxg5 Kg7 19. Nce2 h6 20. Be3 Rad8 21. h3 Nd7 22.
Bd2 Nf8 23. Bc3 Kg8 24. Kh1 Ne6 25. Bd2 Kg7 26. Bc3 Nd4 27. Nxd4 cxd4 28. Bd2
Bc8 29. Rae1 Be6 30. Ne2 g5 31. g4 c5 32. Rb1 Rb8 33. Ng3 Rb7 34. Kg2 Reb8 35.
Rb2 c4 36. Be1 c3 37. Ra2 b4 38. Nh5+ Kg6 39. Bg3 Rb5 40. Rfa1 Rc5 41. Bh2 f6
42. Ng3 Rbb5 43. Nf5 Bc7 44. Kf2 Bxf5 45. exf5+ Kf7 46. Ra4 Rxa5 47. Rxa5 Rxa5
48. Rxa5 Bxa5 49. Ke2 Ke7 50. Kd1 Kd6 51. Kc1 Kc5 52. Kb1 Bd8 53. Ka2 Kb5 54.
Bg3 a5 55. Be1 Bc7 56. Bf2 Kc6 57. Be1 Kd7 58. Bf2 Ke7 59. Be1 Kf7 60. Bf2 Kg7
61. Be1 h5 62. Bf2 hxg4 63. hxg4 Kf7 64. Be1 Ke7 65. Bf2 Kd6 66. Bg1 Kc5 67. Bf2
Kb5 68. Bg1 a4 69. bxa4+ Kxa4 70. Bf2 Bd6 71. Be1 b3+ 72. cxb3+ Kb4 73. Bf2 Bc7
74. Bg3 Bd6 75. Bh2 c2 76. Kb2 c1=Q+ 77. Kxc1 Kc3 78. b4 Bxb4 79. Kd1 Kxd3 80.
Bg1 e4 81. fxe4 Kxe4 82. Ke2 d3+ 83. Kd1 Bc3 0-1

[Event "29th Czech Open B 2018"]
[Site "Pardubice CZE"]
[Date "2018.07.24"]
[Round "5.8"]
[White "Gramb, Marius"]
[Black "Yanjinlkham, Bayarsaikhan"]
[Result "1-0"]
[BlackTitle "WFM"]
[WhiteElo "2123"]
[BlackElo "1984"]
[WhiteFideId "24656593"]
[BlackFideId "4901452"]
[EventDate "2018.07.20"]

1. d4 d5 2. c4 c6 3. Nf3 Nf6 4. e3 a6 5. Bd3 b5 6. b3 Bg4 7. Nbd2 e6 8. Qc2 Nbd7
9. O-O Rc8 10. Bb2 Bd6 11. Ne5 Bh5 12. f4 Ng4 13. Nxg4 Bxg4 14. e4 h5 15. c5 Bf8
16. Rae1 Qh4 17. b4 Kd8 18. Bc3 Rh6 19. exd5 exd5 20. Nf3 Bxf3 21. Rxf3 Rf6 22.
Bf5 Rh6 23. Bxd7 Kxd7 24. Qf5+ Re6 25. Qxf7+ Qe7 26. Qf5 g6 27. Qh3 Qf6 28. Rxe6
Qxe6 29. f5 gxf5 30. Rxf5 h4 31. Qf3 Bh6 32. Rf7+ Ke8 33. Rh7 Qg6 34. Qe2+ Kf8
35. Rh8+ Kg7 36. Rxc8 Qb1+ 37. Qe1 Be3+ 38. Kh1 Qe4 39. Qf2 Bf4 40. Qe1 Be3 41.
h3 Qf4 42. Re8 1-0

[Event "29th Czech Open B 2018"]
[Site "Pardubice CZE"]
[Date "2018.07.24"]
[Round "5.9"]
[White "Polansky, Adam Lubos"]
[Black "Boehning, Kilian"]
[Result "0-1"]
[WhiteElo "2006"]
[BlackElo "2122"]
[WhiteFideId "364657"]
[BlackFideId "1270499"]
[EventDate "2018.07.20"]

1. d4 f5 2. c4 g6 3. Nf3 Nf6 4. g3 Bg7 5. Bg2 O-O 6. O-O d6 7. b3 Qe8 8. Bb2 Na6
9. Nbd2 Rb8 10. a3 c6 11. Qc2 Nh5 12. d5 Nc7 13. Nd4 Bd7 14. e4 fxe4 15. Nxe4
Nf6 16. Rae1 c5 17. Nxd6 Qd8 18. Nxb7 Rxb7 19. d6 exd6 20. Bxb7 cxd4 21. Bxd4
Ne6 22. Rd1 Nxd4 23. Rxd4 Qb6 24. Bd5+ Nxd5 25. Rxd5 Be6 26. Rb5 Qc6 27. Re1 a6
28. Rg5 Bf5 29. Qe2 h6 30. Rxf5 gxf5 31. Qe6+ Kh8 32. Qe7 f4 33. Re4 a5 34. g4
Qc5 35. Re6 Qxa3 36. g5 f3 37. h4 Qc1+ 38. Re1 Qf4 0-1

[Event "29th Czech Open B 2018"]
[Site "Pardubice CZE"]
[Date "2018.07.24"]
[Round "5.10"]
[White "Slonimskij, Arkadij"]
[Black "Ilandzis, Spyridon"]
[Result "1-0"]
[WhiteElo "2114"]
[BlackElo "1980"]
[WhiteFideId "4113420"]
[BlackFideId "4200276"]
[EventDate "2018.07.20"]

1. d4 Nf6 2. c4 e6 3. Nc3 Bb4 4. Qc2 d5 5. cxd5 exd5 6. Bg5 h6 7. Bh4 c5 8. dxc5
g5 9. Bg3 Ne4 10. e3 Qa5 11. Be5 O-O 12. Bd3 Nc6 13. Bxe4 Nxe5 14. Bxd5 Bf5 15.
e4 Rfc8 16. Ne2 Rxc5 17. O-O Bg6 18. Qb3 Ng4 19. h3 Nf6 20. a3 Bxc3 21. Nxc3 b5
22. e5 Nxd5 23. Nxd5 Bc2 24. Nf6+ Kg7 25. Qe3 Qc7 26. Nd7 Qxd7 27. Qxc5 Qf5 28.
Rfe1 Bd3 29. Qd4 Kg8 30. Re3 Bc4 31. Rf3 1-0

[Event "29th Czech Open B 2018"]
[Site "Pardubice CZE"]
[Date "2018.07.24"]
[Round "5.11"]
[White "Haase, Pavel"]
[Black "Mulenko, Alexander"]
[Result "1-0"]
[WhiteTitle "CM"]
[WhiteElo "1994"]
[BlackElo "2109"]
[WhiteFideId "360392"]
[BlackFideId "24105430"]
[EventDate "2018.07.20"]

1. Nf3 c5 2. e3 g6 3. d4 Bg7 4. Bd3 Nf6 5. c3 Qc7 6. O-O d5 7. Ne5 O-O 8. Nd2 b6
9. f4 Ba6 10. Bxa6 Nxa6 11. Qf3 e6 12. g4 Nd7 13. g5 f6 14. gxf6 Nxf6 15. h4 Qe7
16. Qg2 Nc7 17. Ndf3 Ne4 18. Ng4 Rf5 19. Ng5 Nxg5 20. hxg5 Rff8 21. Qh2 Qf7 22.
Kf2 Qf5 23. Kg3 Ne8 24. Rh1 h5 25. gxh6 Bf6 26. Bd2 Nd6 27. h7+ Kh8 28. Rag1
cxd4 29. cxd4 Rac8 30. Bb4 Qe4 31. Bxd6 Rc2 32. Qxc2 Qxc2 33. Bxf8 Qd3 34. Nxf6
Qxe3+ 35. Kg4 1-0

[Event "29th Czech Open B 2018"]
[Site "Pardubice CZE"]
[Date "2018.07.24"]
[Round "5.12"]
[White "Barak, Gil"]
[Black "Husarik, Branko"]
[Result "1-0"]
[WhiteElo "1993"]
[BlackElo "2096"]
[WhiteFideId "2812690"]
[BlackFideId "324140"]
[EventDate "2018.07.20"]

1. e4 d5 2. exd5 Qxd5 3. Nc3 Qa5 4. d4 Nf6 5. Nf3 c6 6. Bc4 Bg4 7. O-O e6 8. Bf4
Qf5 9. Bg3 Bxf3 10. Qxf3 Qxf3 11. gxf3 Nbd7 12. Ne4 Nb6 13. Bb3 Rd8 14. Rfd1 Be7
15. a4 O-O 16. a5 Nbd5 17. a6 b6 18. Ba4 b5 19. Bb3 Nb6 20. Rac1 Nfd5 21. c4
bxc4 22. Bxc4 f5 23. Nc5 f4 24. Nxe6 fxg3 25. hxg3 Rxf3 26. Nxd8 Bxd8 27. Re1
Kf7 28. Re4 Rf6 29. Ba2 Rd6 30. Rce1 Be7 31. Rxe7+ Kf6 32. Rxa7 Nb4 33. Rb7 Nc2
34. Rxb6 1-0

[Event "29th Czech Open B 2018"]
[Site "Pardubice CZE"]
[Date "2018.07.24"]
[Round "5.13"]
[White "Koehn, Lennart"]
[Black "Brenninger, Daniel"]
[Result "1/2-1/2"]
[WhiteElo "2087"]
[BlackElo "1975"]
[WhiteFideId "12938041"]
[BlackFideId "864129"]
[EventDate "2018.07.20"]

1. e4 e5 2. Nf3 Nc6 3. Bc4 Bc5 4. O-O d6 5. c3 Nf6 6. d4 exd4 7. cxd4 Bb6 8. Nc3
Bg4 9. d5 Nd4 10. Qa4+ Bd7 11. Qd1 Bg4 12. Qa4+ Bd7 1/2-1/2

[Event "29th Czech Open B 2018"]
[Site "Pardubice CZE"]
[Date "2018.07.24"]
[Round "5.14"]
[White "Bares, Jachym"]
[Black "Krumina, Linda"]
[Result "0-1"]
[BlackTitle "WFM"]
[WhiteElo "1986"]
[BlackElo "2086"]
[WhiteFideId "345075"]
[BlackFideId "11601701"]
[EventDate "2018.07.20"]

1. e4 c5 2. Nf3 d6 3. d4 cxd4 4. Nxd4 Nf6 5. Nc3 a6 6. Be3 Ng4 7. Bg5 h6 8. Bh4
g5 9. Bg3 Bg7 10. Nf5 Bxf5 11. exf5 Qa5 12. Qxg4 Bxc3+ 13. Kd1 Bxb2 14. Rb1 Qxa2
15. Kd2 Nc6 16. Bc4 Qa5+ 17. Kd1 d5 18. Bd3 Qa2 19. Kd2 Rc8 20. h4 Nd4 21. hxg5
Bc3+ 22. Ke3 Nxc2+ 23. Kf4 Bd2+ 24. Kf3 h5 25. Qh4 Rc3 26. Ke2 Ne1 27. Qd4 Be3+
28. Kxe3 Nc2+ 29. Kd2 Nxd4+ 30. Kxc3 Ne2+ 31. Bxe2 Qxe2 32. Rxb7 O-O 0-1

[Event "29th Czech Open B 2018"]
[Site "Pardubice CZE"]
[Date "2018.07.24"]
[Round "5.15"]
[White "Rozmanov, Aleksandr"]
[Black "Chan, Naruna"]
[Result "1-0"]
[WhiteElo "2075"]
[BlackElo "1951"]
[WhiteFideId "34136026"]
[BlackFideId "24124290"]
[EventDate "2018.07.20"]

1. b3 e5 2. Bb2 d6 3. g3 f5 4. Bg2 Nf6 5. d3 Be7 6. Nd2 O-O 7. e4 Nc6 8. exf5
Bxf5 9. Ngf3 Qd7 10. h3 e4 11. dxe4 Nxe4 12. Qe2 Bf6 13. O-O-O Rae8 14. Qc4+ d5
15. Qf1 Nc3 16. Bxc3 Bxc3 17. g4 Be6 18. Ne4 Bb4 19. Neg5 Ba3+ 20. Kb1 g6 21.
Qd3 Qg7 22. c3 Bc8 23. Qxd5+ Kh8 24. Ne4 Be6 25. Qd3 a5 26. Nd4 Nxd4 27. Qxd4
Qxd4 28. Rxd4 Be7 29. Re1 b6 30. Re2 Kg7 31. Kb2 Rd8 32. Rxd8 Rxd8 33. f4 Bc8
34. Kc2 Rf8 35. Rf2 Bb7 36. Kd3 Rd8+ 37. Ke2 Ba6+ 38. c4 b5 39. f5 bxc4 40. f6+
Bxf6 41. Rxf6 Bb7 42. Rf2 cxb3 43. axb3 Ba6+ 44. Ke1 Bc8 45. Rc2 Rd7 46. Rc5 Re7
47. Rxa5 Bb7 48. Ra4 Bd5 49. Kf2 Bxb3 50. Ra5 Bf7 51. Rc5 h6 52. Nc3 g5 53. Nb5
Rd7 54. Nxc7 Rd2+ 55. Kg3 Kf6 56. Rf5+ Kg7 57. Bd5 Bg6 58. Ne6+ Kh7 59. Nf8+ Kg7
60. Nxg6 Kxg6 61. Be4 Kg7 62. h4 gxh4+ 63. Kxh4 Rd4 64. Bc2 Rd2 65. Rc5 Rh2+ 66.
Kg3 Rd2 67. Rc7+ Kf6 68. Rc6+ Ke5 69. Bh7 1-0

[Event "29th Czech Open B 2018"]
[Site "Pardubice CZE"]
[Date "2018.07.24"]
[Round "5.16"]
[White "Vakulenko, Oleksandr"]
[Black "Novak, Ales"]
[Result "0-1"]
[WhiteElo "1941"]
[BlackElo "2071"]
[WhiteFideId "14156130"]
[BlackFideId "315397"]
[EventDate "2018.07.20"]

1. e4 e5 2. Nf3 f5 3. d3 Nc6 4. Nc3 Nf6 5. Be2 d6 6. O-O Be7 7. Nd5 Nxd5 8. exd5
Nb8 9. b4 O-O 10. Bb2 Nd7 11. c4 Rf6 12. Ng5 Nf8 13. f4 Rh6 14. Nh3 Bf6 15. Qb3
exf4 16. Nxf4 g5 17. Nh5 Be5 18. d4 Bxh2+ 19. Kxh2 g4 20. g3 Qe8 21. Kg1 Qxh5
22. Kf2 Qh2+ 23. Ke1 Rh3 24. Kd2 Rxg3 25. Qc2 Qh6+ 26. Kd1 Bd7 27. Bc1 Qf6 28.
Qd2 Ng6 29. Kc2 Re8 30. Rf2 Re4 31. Bb2 Ba4+ 32. Kb1 Rg1+ 33. Bf1 g3 34. Rf3 g2 0-1

[Event "29th Czech Open B 2018"]
[Site "Pardubice CZE"]
[Date "2018.07.24"]
[Round "5.17"]
[White "Sidorika, Vladislav"]
[Black "Trost, Edvin"]
[Result "1-0"]
[WhiteElo "2066"]
[BlackElo "1925"]
[WhiteFideId "14145928"]
[BlackFideId "1729519"]
[EventDate "2018.07.20"]

1. c4 e5 2. g3 Nf6 3. Bg2 d5 4. cxd5 Nxd5 5. Nc3 Nb6 6. Nf3 Nc6 7. O-O Be7 8. d3
O-O 9. Be3 Be6 10. Ne4 Bd5 11. Nc3 Be6 12. a3 Rb8 13. b4 Nd4 14. Rb1 f6 15. Ne4
Bg4 16. Bxd4 exd4 17. Qb3+ Kh8 18. Rfc1 Nd5 19. Nxd4 Nf4 20. gxf4 Qxd4 21. Rxc7
Bd8 22. Rc2 f5 23. e3 Qb6 24. Ng3 h5 25. h3 h4 26. hxg4 hxg3 27. g5 Bc7 28. d4
gxf2+ 29. Kxf2 g6 30. Rh1+ Kg7 31. Qc3 Rbc8 32. d5+ Kf7 33. Rh7+ Ke8 34. Rxc7
Rxc7 35. Qxc7 Qxc7 36. Rxc7 Kd8 37. Rxb7 1-0

[Event "29th Czech Open B 2018"]
[Site "Pardubice CZE"]
[Date "2018.07.24"]
[Round "5.19"]
[White "Bachstein, Dustin"]
[Black "Kong, Ren En"]
[Result "1/2-1/2"]
[WhiteElo "2037"]
[BlackElo "1859"]
[WhiteFideId "4688198"]
[BlackFideId "5718074"]
[EventDate "2018.07.20"]

1. e4 c5 2. Nf3 g6 3. d4 cxd4 4. Nxd4 Nc6 5. c4 Nf6 6. Nc3 d6 7. Be2 Nxd4 8.
Qxd4 Bg7 9. Be3 O-O 10. Qd2 Be6 11. O-O Qa5 12. b3 Rfc8 13. Rac1 a6 14. Bf3 Rab8
15. Ba7 Ra8 16. Be3 Rab8 17. Nd5 Qxd2 18. Bxd2 Bxd5 19. exd5 b5 20. cxb5 axb5
21. Rc6 Ne8 22. Rfc1 Rd8 23. a4 Bd4 24. a5 b4 25. a6 Kg7 26. R1c4 Bc5 27. Kf1
Nf6 28. Rc7 Rd7 29. Rxd7 Nxd7 30. Be2 Nb6 31. Rc2 Nxd5 32. Bf3 e6 33. Ke2 Ra8
34. Ra2 Ra7 35. Bxd5 exd5 36. Kd3 Kf6 37. Be3 Ke6 38. Ra5 f5 39. g3 Bxe3 40.
Kxe3 Kd7 41. Kd4 Kc6 42. Ra4 Kb5 43. Kxd5 Rxa6 44. Rxa6 Kxa6 45. Kxd6 Kb6 46. f4
Kb5 47. Kd5 h6 48. h3 g5 49. fxg5 hxg5 50. h4 f4 51. gxf4 gxh4 52. Ke4 Kc6 53.
Kf3 Kd5 54. Kg4 Ke4 55. f5 h3 56. f6 h2 57. f7 h1=Q 58. f8=Q Qd1+ 59. Kg5 Qxb3
60. Qf4+ Kd3 61. Qf3+ Kc2 62. Qe2+ Kb1 63. Qe1+ Kb2 64. Qd2+ Ka3 65. Qd6 Qg8+
66. Kh6 Qc4 67. Qe7 Ka2 68. Qa7+ Kb1 69. Qf2 b3 70. Kg7 Qc3+ 71. Kh6 b2 72. Qe2
Qf6+ 73. Kh5 Ka1 74. Qd1+ b1=Q 75. Qa4+ Kb2 76. Qb4+ Kc2 77. Qe4+ Kc1 78. Qe1+
Kb2 79. Qb4+ Kc1 80. Qe1+ Kb2 81. Qb4+ Ka2 82. Qa4+ Kb2 1/2-1/2

[Event "29th Czech Open B 2018"]
[Site "Pardubice CZE"]
[Date "2018.07.24"]
[Round "5.20"]
[White "Sim, Jia Ru"]
[Black "Mueller-Ludwig, Kristin"]
[Result "0-1"]
[BlackTitle "WFM"]
[WhiteElo "1917"]
[BlackElo "2019"]
[WhiteFideId "5716110"]
[BlackFideId "4628691"]
[EventDate "2018.07.20"]

1. e4 e6 2. d4 d5 3. e5 c5 4. c3 Nc6 5. Nf3 Qb6 6. a3 c4 7. Nbd2 Na5 8. g3 Bd7
9. Bh3 Be7 10. O-O h5 11. Ne1 g5 12. g4 hxg4 13. Bxg4 Nh6 14. Ng2 Nxg4 15. Qxg4
O-O-O 16. Re1 Rdg8 17. Nf3 Nb3 18. Rb1 Nxc1 19. Rexc1 Rg6 20. Ne3 Qc7 21. Kf1 f5
22. exf6 Rxf6 23. Rc2 Bd6 24. Qg2 Rhf8 25. Nxg5 Bf4 26. Nxd5 exd5 27. Nh7 Rh6
28. Ng5 Bxg5 29. Qxg5 Rxh2 30. Re1 Rh1+ 31. Ke2 Re8+ 32. Kd2 Rhxe1 0-1